000 01090cam a2200277 a 4500
999 _c10388
_d10388
001 4945869
003 OSt
005 20191223100936.0
008 961209s1997 maua b 001 0 eng
010 _a 96040312
020 _a9780195648256
040 _aDLC
_cDLC
_dDLC
050 0 0 _aHD82
_b.B324 1997
082 0 0 _a338.9
_221
_bBAS/A
100 1 _aBasu, Kaushik
_9669
245 1 0 _aAnalytical development economics :
_bthe less developed economy revisited /
_cKaushik Basu.
260 _aOxford. :
_bOxford university Press,
_c1998.
300 _axix, 366 p. :
_bill. ;
_c24 cm.
500 _aRev. ed. of: The less developed economy: a critique of contemporary theory. 1984.
504 _aIncludes bibliographical references (p. [331]-353) and indexes.
650 0 _aEconomic development.
700 1 _aBasu, Kaushik.
_tLess developed economy.
906 _a7
_bcbc
_corignew
_d1
_eocip
_f19
_gy-gencatlg
942 _2ddc
_cBK
_h338.9
_iBAS/A
_k338.9
_mBAS/A